LEADER 00993nam0-2200313---450 001 990008669980403321 005 20200228104549.0 010 $a3-88474-509-3 035 $a000866998 035 $aFED01000866998 035 $a(Aleph)000866998FED01 035 $a000866998 100 $a20080606d1996----km-y0itay50------ba 101 0 $ager 102 $aDE 105 $aa-------001yy 200 1 $a<>unendliche Meer der Lüfte$eLuftverschmutzung, Industrialisierung und Risikodebatten im 19. Jahrhundert$fFranz-Josef Brüggemeier 210 $aEssen$cKlartext$d1996 215 $a344 p.$cill.$d24 cm 610 0 $aQualità dell'aria$aEuropa$aSec. 19. 610 0 $aIndustria$aImpatto ambientale$aEuropa$aSec. 19. 700 1$aBrüggemeier,$bFranz-Josef$0430810 801 0$aIT$bUNINA$gRICA$2UNIMARC 901 $aBK 912 $a990008669980403321 952 $a711 SEZ. ANDRIELLO$b3216$fDARPU 959 $aDARPU 996 $aUnendliche Meer der Lüfte$9717532 997 $aUNINA LEADER 00875cam0-2200289 --450 001 9910479450803321 005 20210726103026.0 010 $a978-88-6976-221-5 100 $a20210622d2020----km y0itay50 ba 101 0 $afre 102 $aIT 105 $ay 001yy 200 1 $aEssai sur la nature et la fonction du sacrifice$fHenri Hubert, Marcel Mauss 210 $a[Paris ; Milan]$cMimésis$d2020 215 $a114 p.$d21 cm 225 1 $aÉtudes des religions et des cultures$v1 610 0 $aAntropologia religiosa 676 $a201.5$v23$zita 700 1$aHubert,$bHenri$0125980 701 1$aMauss,$bMarcel$0122275 801 0$aIT$bUNINA$gREICAT$2UNIMARC 901 $aBK 912 $a9910479450803321 952 $aCollez. 2839 (1)$b891/2021$fFSPBC 959 $aFSPBC 996 $aEssai sur la nature et la fonction du sacrifice$942168 997 $aUNINA